000 00507nam a2200181Ia 4500
005 20250326124627.0
008 250326s9999 xx 000 0 und d
037 _aTextbook
040 _aFMSL
_beng
_cFMSL
041 _aeng
_2eng
084 _aX:8:(S) L7
_qFMSL
100 _aSiegel L
_987952
245 0 _aPsychology in industrial organizations
_cSiegel L; Lane I M
260 _aUSA
_bUSA, Richard D Irwin
_c1977
300 _a558p
942 _cTB
_hX:8:(S) L7
999 _c1274461
_d1274461